Vida asociativa y desarrollo local en dos pueblos nicaragüenses /
Αποθηκεύτηκε σε:
| Κύριος συγγραφέας: | |
|---|---|
| Μορφή: | Κείμενο |
| Θέματα: | |
| Ετικέτες: |
Προσθήκη ετικέτας
Δεν υπάρχουν, Καταχωρήστε ετικέτα πρώτοι!
|
MARC
| LEADER | 00000 a a2200000 04500 | ||
|---|---|---|---|
| 001 | 16008 | ||
| 003 | |||
| 040 | |||
| 100 | |a Molenaers, Nadia | ||
| 245 | |a Vida asociativa y desarrollo local en dos pueblos nicaragüenses / |c Nadia Molenaers | ||
| 650 | |a ORGANIZACIONES POPULARES | ||
| 650 | |a REDES SOCIALES | ||
| 650 | |a DESARROLLO DE LA COMUNIDAD | ||
| 650 | |a NICARAGUA | ||
| 773 | |g número 90; páginas 121-133 | ||
| 999 | |c 38867 |d 38867 | ||
